000 00711nam a2200217 i 4500
001 bgj
245 1 0 _aMenschheits-Dämmerung :
_bein Dokument des Expressionismus /
_c[mit Biographien und Bibliographien neu herausgegeben von Kurt Pinthus ; einleitung von Werner Mittenzwei].
260 _aLeipzig :
_bVerlag Philipp Reclam jun.,
_c1968
300 _a438, [1] s. ;
_c17 cm.
490 1 _aReclams Universal-Bibliothek
_v404
650 9 _aPoezja niemiecka
700 1 _aPINTHUS, Kurt.
700 1 _aMITTENZWEI, Werner.
830 _aReclams Universal-Bibliothek
040 _cBPK
041 0 _ager
044 _aDEU
080 _a821.112.2-1
942 _cKS
008 s gw f |000 0 ger
999 _c50304
_d50304
856 _uhttp://koha.tu.koszalin.pl/cgi-bin/koha/opac-detail.pl?biblionumber=50304
_yKatalog online BPK